Statystyki dla Dyscypliny polskich sportowców [Test]

Kliknij tutaj aby rozwiązać quiz!

Ogólne statystyki

  • Ten quiz został rozwiązany 609 razy
  • Średni wynik to 12 z 15

Statystyki odpowiedzi

ZagadnienieOdpowiedź% Poprawnych
Wojciech SzczęsnyPiłka nożna
99%
Dawid KubackiSkoki Narciarskie
97%
Marcin GortatKoszykówka
92%
Bartosz KurekSiatkówka
92%
Agnieszka RadwańskaTenis ziemny
92%
Justyna KowalczykBiegi narciarskie
89%
Otylia JędrzejczakPływanie
84%
Andrzej GołotaBoks
82%
Anita WłodarczykRzut młotem
81%
Robert KorzeniowskiChód sportowy
75%
Adam KszczotBiegi
74%
Maja WłoszczowskaKolarstwo górskie
64%
Tomasz MajewskiPchnięcie kulą
64%
Monika PyrekSkok o tyczce
53%
Sylwia GruchałaSzermierka (Floret)
35%

Rozkład punktacji

Percentyl według liczby udzielonych odpowiedzi

Procent ludzi z każdym wynikiem

Twoja historia wyników

Nie rozwiązałeś tego quizu